The state of the nation's housing 2010 (Record no. 111754)

MARC details
000 -LEADER
fixed length control field 01335cad a22002535a 4500
001 - CONTROL NUMBER
control field L151949
008 - FIXED-LENGTH DATA ELEMENTS--GENERAL INFORMATION
fixed length control field 110113s2010 xxuabd f 000 0 eng d
035 ## - SYSTEM CONTROL NUMBER
System control number (Sirsi) u151949
041 0# - LANGUAGE CODE
Language code of text/sound track or separate title eng
050 04 - LIBRARY OF CONGRESS CALL NUMBER
Classification number 306.1 $2 18
110 2# - MAIN ENTRY--CORPORATE NAME
Corporate name or jurisdiction name as entry element Joint Center for Housing Studies of Harvard University
9 (RLIN) 5768
245 04 - TITLE STATEMENT
Title The state of the nation's housing 2010
Medium [electronic resource]
260 ## - PUBLICATION, DISTRIBUTION, ETC.
Place of publication, distribution, etc. Cambridge, MA
Name of publisher, distributor, etc. President and Fellows of Harvard College
Date of publication, distribution, etc. 2010
505 2# - FORMATTED CONTENTS NOTE
Formatted contents note Executive summary -- Housing markets -- Demographic drivers -- Homeownership -- Rental housing -- Housing challenges -- Appendix tables
520 ## - SUMMARY, ETC.
Summary, etc. Examines the state of housing in the United States in 2010. Notes the fledging recovery in the housing market in 2010, rising employment, oversupply of vacant properties for rent and for sale including foreclosed homes. Homeowners are also facing problems of negative equity
521 ## - TARGET AUDIENCE NOTE
Target audience note Advanced
590 ## - LOCAL NOTE (RLIN)
Local note KA
651 #4 - SUBJECT ADDED ENTRY--GEOGRAPHIC NAME
Geographic name United States
Chronological subdivision 1959-
690 ## - LOCAL SUBJECT ADDED ENTRY--TOPICAL TERM (OCLC, RLIN)
Topical term or geographic name as entry element PROPERTY-RESIDENTIAL PROPERTY-RESIDENTIAL PROPERTY MARKET
710 1# - ADDED ENTRY--CORPORATE NAME
Corporate name or jurisdiction name as entry element Havard University
Subordinate unit Graduate School of Design
9 (RLIN) 5769
710 1# - ADDED ENTRY--CORPORATE NAME
Corporate name or jurisdiction name as entry element Havard University
Subordinate unit Harvard Kennedy School
9 (RLIN) 5770
856 40 - ELECTRONIC LOCATION AND ACCESS
Uniform Resource Identifier <a href="https://www.jchs.harvard.edu/publications/markets/son2010/son2010.pdf">https://www.jchs.harvard.edu/publications/markets/son2010/son2010.pdf</a>
Public note View the report free of charge at www.jchs.harvard.edu...
942 ## - ADDED ENTRY ELEMENTS (KOHA)
Suppress in OPAC 0
Holdings
Withdrawn status Lost status Source of classification or shelving scheme Damaged status Not for loan Home library Current library Shelving location Date acquired Total Checkouts Full call number Barcode Date last seen Copy number Price effective from Koha item type
    Dewey Decimal Classification     Virtual Virtual Online 13/01/2011   ONLINE PUBLICATION 151949-2001 06/08/2019 1 06/08/2019 Book